Familia y felicidad: un círculo virtuoso
Uloženo v:
| Hlavní autoři: | , , , , , , , |
|---|---|
| Médium: | Kniha |
| Jazyk: | španělština |
| Vydáno: |
Santiago
Fundación Libertad y Desarrollo
2007
|
| Vydání: | 1a. ed |
| Témata: | |
| Tagy: |
Přidat tag
Žádné tagy, Buďte první, kdo vytvoří štítek k tomuto záznamu!
|
MARC
| LEADER | 00000nam a2200000 a 4500 | ||
|---|---|---|---|
| 001 | UCG3123 | ||
| 003 | CL-VaPUC | ||
| 008 | 100812e20071000CL |||||||||||||||||spa|d | ||
| 020 | |a 9789567183258 | ||
| 082 | 0 | 4 | |a 306.85 |b CAM |2 21 |
| 100 | 0 | |a Camhi P., Rosita |e author |9 552009 | |
| 700 | 0 | |a Arzola G., María Elena |e author |9 552010 | |
| 700 | 0 | |a Cáceres C., Eugenio |e author |9 552011 | |
| 700 | 0 | |a Farren G., Diego |e author |9 552012 | |
| 700 | 0 | |a Hein W., Andreas |e author |9 552013 | |
| 700 | 0 | |a Heckman, James J |e author |9 520575 | |
| 700 | 0 | |a Urzúa S., Sergio |e author |9 552014 | |
| 700 | 0 | |a Valenzuela V., Eduardo |e author |9 552015 | |
| 245 | 1 | 0 | |a Familia y felicidad: un círculo virtuoso |
| 250 | |a 1a. ed | ||
| 300 | |a 259 p | ||
| 942 | |c BK | ||
| 945 | |d 20100812 00:00:00 |a mfarfan | ||
| 260 | |a Santiago |b Fundación Libertad y Desarrollo |c 2007 | ||
| 650 | 0 | |a Familias |9 255641 | |
| 650 | 0 | |a Problemas sociales |9 258537 | |
| 650 | 7 | |a DIAGNOSTICO |2 CL-VaPUC |9 269639 | |
| 583 | |a last modification |c 20100812 00:00:00 |k Rodrigo Vera | ||
| 999 | |c 342218 |d 342216 | ||
| 952 | |0 0 |1 0 |4 0 |6 306_850000000000000_CAM_2007 |7 0 |8 A |9 438285 |a BIBEDU |b BIBEDU |d 2019-11-22 |i 4705165 |l 1 |o 306.85 CAM 2007 |p 4705165 |r 2022-08-31 |s 2022-08-08 |w 2019-11-22 |y BK |k EPE | ||